000 00458nam a2200169Ia 4500
003 LDD
008 190117s9999 xx 000 0 und d
020 _c₹20
040 _cLDD
041 _ahi
082 _a8H3.7 य 6925 दे -6
100 _aयशपाल
245 0 _aदेखा सोचा समझा
_cयशपाल
260 _aइलाहाबाद
_bलोकभारती
_c1984
300 _a168प्र.
942 _2ddc
_cH
999 _c167569
_d167569